fast Typing even numbers - Statistics

General Stats
  • This quiz has been taken 247 times
  • The average score is 42 of 50
Answer Stats
Hint Answer7092 % Correct
2
99%
12
98%
4
98%
6
98%
10
97%
8
97%
14
96%
16
96%
18
96%
20
96%
22
95%
24
95%
26
95%
28
95%
30
93%
32
92%
34
92%
36
92%
40
92%
38
91%
42
90%
46
89%
48
89%
50
89%
44
88%
52
87%
54
86%
58
86%
60
86%
56
85%
62
84%
64
82%
68
82%
66
81%
70
81%
72
80%
74
79%
76
78%
78
74%
80
73%
82
71%
84
70%
86
69%
90
69%
88
67%
92
67%
94
65%
96
64%
98
62%
100
60%
No matching quizzes found
Score Distribution
Percent of People with Each Score
Percentile by Number Answered
Your Score History
You have not taken this quiz